[Event "Quezon City Puregold op"]
[Site "Quezon City"]
[Date "2014.12.15"]
[Round "2"]
[White "Salcedo, Raymond"]
[Black "Llavanes, Ronald"]
[Result "1-0"]
[WhiteElo "2316"]
[BlackElo "2224"]
[PlyCount "97"]
[EventDate "2014.12.14"]
[EventType "swiss"]
[EventRounds "9"]
[EventCountry "PHI"]
[SourceTitle "EXT 2016"]
[Source "ChessBase"]
[SourceDate "2015.10.08"]
[SourceVersion "1"]
[SourceVersionDate "2015.10.08"]
[SourceQuality "1"]

1. e4 c5 2. Nf3 e6 3. d4 cxd4 4. Nxd4 Nf6 5. Bd3 Nc6 6. c3 d6 7. 0-0 e5 8. Ne2 Be7 9. Ng3 0-0 10. c4 Be6 11. Nc3 Rc8 12. b3 a6 13. Bb2 Nd4 14. Nce2 Nc6 15. h3 Nd7 16. Nc3 Nd4 17. Re1 Nc5 18. Nd5 Bxd5 19. exd5 g6 20. Bf1 f5 21. b4 Nd7 22. Bxd4 exd4 23. Rb1 Bf6 24. Ne2 Re8 25. Nf4 Nf8 26. g3 Rxe1 27. Qxe1 Qd7 28. Qd2 Qg7 29. h4 Qh6 30. Qd1 Nd7 31. Ne6 f4 32. Nxf4 Ne5 33. c5 Bxh4 34. Rb3 Bf6 35. c6 bxc6 36. Bxa6 Rf8 37. Ne6 Ra8 38. dxc6 Rxa6 39. b5 Ra8 40. c7 Kf7 41. b6 Rxa2 42. c8Q Rd2 43. Qdc1 d3 44. Q1c7+ Be7 45. Nd8+ Kg8 46. Nc6+ Bf8 47. Qe6+ Kh8 48. Qf6+ Kg8 49. Rb1 1-0

[Event "Asia Cities-ch 18th"]
[Site "Tagaytay City"]
[Date "2013.10.25"]
[Round "8.3"]
[White "Salcedo, Raymond"]
[Black "Gomez, John Paul"]
[Result "0-1"]
[WhiteElo "2313"]
[BlackElo "2511"]
[PlyCount "84"]
[EventDate "2013.10.20"]
[EventType "team-swiss"]
[EventRounds "9"]
[EventCountry "PHI"]
[SourceTitle "EXT 2014"]
[Source "ChessBase"]
[SourceDate "2013.11.20"]
[SourceVersion "1"]
[SourceVersionDate "2013.11.20"]
[SourceQuality "1"]
[WhiteTeam "Pasay City"]
[BlackTeam "Tagaytay"]
[WhiteTeamCountry "PHI"]
[BlackTeamCountry "PHI"]

1. e4 c5 2. Nf3 d6 3. Bb5+ Bd7 4. a4 Nc6 5. 0-0 a6 6. Bxc6 Bxc6 7. Re1 Nf6 8. e5 dxe5 9. Nxe5 Qd5 10. Nxc6 Qxc6 11. d3 e6 12. Nd2 g6 13. Nc4 Bg7 14. Bf4 0-0 15. a5 Rad8 16. Be5 Nd5 17. Bxg7 Kxg7 18. Qd2 f6 19. f4 Nc7 20. Re3 Nb5 21. Rae1 Rfe8 22. f5 Nd4 23. fxe6 Rxe6 24. Rxe6 Nxe6 25. Qe3 Re8 26. Qf2 Nd4 27. h3 h5 28. b4 Rxe1+ 29. Qxe1 Ne6 30. bxc5 Qxc5+ 31. Kh1 Qc6 32. Qb4 Nf4 33. Qe7+ Kh6 34. Ne3 Nxh3 35. d4 Nf4 36. c4 Qe6 37. Qf8+ Kh7 38. Qa3 Qe4 39. d5 Ne2 40. Nf1 Qh4+ 41. Qh3 Qf2 42. Qd7+ Kh6 0-1

[Event "Asia Cities-ch 18th"]
[Site "Tagaytay City"]
[Date "2013.10.23"]
[Round "6.4"]
[White "Salcedo, Raymond"]
[Black "Zhang, Xiaowen"]
[Result "1-0"]
[WhiteElo "2313"]
[BlackElo "2377"]
[PlyCount "99"]
[EventDate "2013.10.20"]
[EventType "team-swiss"]
[EventRounds "9"]
[EventCountry "PHI"]
[SourceTitle "EXT 2014"]
[Source "ChessBase"]
[SourceDate "2013.11.20"]
[SourceVersion "1"]
[SourceVersionDate "2013.11.20"]
[SourceQuality "1"]
[WhiteTeam "Pasay City"]
[BlackTeam "Shanghai"]
[WhiteTeamCountry "PHI"]
[BlackTeamCountry "CHN"]

1. e4 e6 2. c4 d5 3. cxd5 exd5 4. exd5 Nf6 5. Bb5+ Nbd7 6. Nc3 Be7 7. Nf3 0-0 8. 0-0 Nb6 9. h3 Nfxd5 10. d4 Bf5 11. Bd3 Bxd3 12. Qxd3 c6 13. Ne4 h6 14. Bd2 Nf6 15. Ng3 Re8 16. Nf5 Bf8 17. Rfe1 Qd5 18. Ne5 Rad8 19. Qg3 Kh7 20. Qh4 Ng8 21. Bc3 g6 22. Ne3 Qe6 23. f4 f5 24. Kh1 Qf6 25. Qf2 Nd5 26. Nxd5 Rxd5 27. Re3 Bd6 28. Rae1 Re7 29. a4 Bxe5 30. Rxe5 Red7 31. Re6 Qf7 32. Qh4 Kg7 33. Bb4 a5 34. Bc5 b6 35. Bxb6 Nf6 36. Rxc6 Ne4 37. Rec1 Qf8 38. Bc7 Qb4 39. Be5+ Rxe5 40. dxe5 Qd4 41. Kh2 Qd2 42. R1c2 Qd3 43. e6 g5 44. Rc7 Rxc7 45. Rxc7+ Kg6 46. e7 Nf6 47. Qe1 Ne8 48. Rc6+ Kh5 49. Qe6 Nf6 50. e8Q+ 1-0

[Event "Asia Cities-ch 18th"]
[Site "Tagaytay City"]
[Date "2013.10.21"]
[Round "2.4"]
[White "Salcedo, Raymond"]
[Black "Garcia, Jan Emmanuel"]
[Result "0-1"]
[WhiteElo "2313"]
[BlackElo "2396"]
[PlyCount "110"]
[EventDate "2013.10.20"]
[EventType "team-swiss"]
[EventRounds "9"]
[EventCountry "PHI"]
[SourceTitle "EXT 2014"]
[Source "ChessBase"]
[SourceDate "2013.11.20"]
[SourceVersion "1"]
[SourceVersionDate "2013.11.20"]
[SourceQuality "1"]
[WhiteTeam "Pasay City"]
[BlackTeam "Manila"]
[WhiteTeamCountry "PHI"]
[BlackTeamCountry "PHI"]

1. e4 c5 2. Nf3 g6 3. h4 h5 4. Bc4 Bg7 5. c3 Nf6 6. Ng5 0-0 7. d4 cxd4 8. Qxd4 Nc6 9. Qd1 d6 10. Bf4 Ng4 11. Qe2 Qb6 12. f3 Nge5 13. Be3 Qc7 14. Bd5 e6 15. Bb3 Na5 16. Na3 a6 17. Bd4 Nxb3 18. axb3 f6 19. Nh3 Nc6 20. Be3 e5 21. Nc4 Be6 22. Nb6 Rad8 23. Qd1 Qf7 24. c4 Bxh3 25. Rxh3 Nd4 26. Qd3 f5 27. 0-0-0 fxe4 28. fxe4 Kh7 29. Kb1 Qe6 30. Rg3 Rf7 31. Nd5 b5 32. Bxd4 exd4 33. Rf3 Rxf3 34. gxf3 Qh3 35. Ka1 Qh2 36. Rc1 bxc4 37. Rxc4 Rd7 38. f4 Qxh4 39. f5 Be5 40. fxg6+ Kxg6 41. Ka2 Qg3 42. Qd2 Rf7 43. Rc8 Kh7 44. Qe2 Qg4 45. Qc4 Rg7 46. Re8 Qg2 47. Qc8 Rf7 48. Qe6 Qg6 49. Qc8 d3 50. Ne3 Qxe4 51. Nc4 Qg4 52. Qa8 Bg7 53. Qd5 Qf5 54. Qg2 d5 55. Nd6 Qf2 0-1

[Event "Asia Cities-ch 18th"]
[Site "Tagaytay City"]
[Date "2013.10.20"]
[Round "1.4"]
[White "Lee, Qing Aun"]
[Black "Salcedo, Raymond"]
[Result "0-1"]
[WhiteElo "1772"]
[BlackElo "2313"]
[PlyCount "66"]
[EventDate "2013.10.20"]
[EventType "team-swiss"]
[EventRounds "9"]
[EventCountry "PHI"]
[SourceTitle "EXT 2014"]
[Source "ChessBase"]
[SourceDate "2013.11.20"]
[SourceVersion "1"]
[SourceVersionDate "2013.11.20"]
[SourceQuality "1"]
[WhiteTeam "Singapore"]
[BlackTeam "Pasay City"]
[WhiteTeamCountry "SIN"]
[BlackTeamCountry "PHI"]

1. e4 e5 2. Nf3 Nc6 3. Bc4 Nf6 4. d3 Bc5 5. c3 0-0 6. Bb3 d5 7. Qe2 h6 8. h3 a5 9. a4 Be6 10. Bc2 Qd7 11. Nbd2 Rae8 12. Nf1 Nh7 13. g4 h5 14. N1h2 f6 15. Rg1 hxg4 16. Nxg4 Kh8 17. Nh4 Ne7 18. Rg2 g5 19. Nf3 Ng6 20. Bd2 d4 21. Kf1 b6 22. Re1 Rg8 23. Kg1 dxc3 24. bxc3 Nf4 25. Bxf4 gxf4 26. Nh4 Rg5 27. Kh2 Reg8 28. Reg1 Qf7 29. Qf3 Qh5 30. Nf5 Rxf5 31. Nh6 Rxg2+ 32. Qxg2 Rg5 33. Ng4 Rxg4 0-1

[Event "PGMA Cup 2nd"]
[Site "Manila"]
[Date "2007.11.27"]
[Round "8"]
[White "Bitoon, Richard"]
[Black "Salcedo, Raymond"]
[Result "1-0"]
[WhiteElo "2402"]
[BlackElo "2324"]
[PlyCount "51"]
[EventDate "2007.11.22"]
[EventType "swiss"]
[EventRounds "9"]
[EventCountry "PHI"]
[SourceTitle "EXT 2009"]
[Source "ChessBase"]
[SourceDate "2008.11.26"]
[SourceVersion "1"]
[SourceVersionDate "2008.11.26"]
[SourceQuality "1"]

1. e4 e5 2. Bc4 Nf6 3. d3 c6 4. Nf3 Bd6 5. 0-0 Bc7 6. Bb3 0-0 7. Nc3 h6 8. Re1 Re8 9. Nh4 d5 10. Qf3 Be6 11. Nf5 Kh7 12. g4 d4 13. Ne2 Ng8 14. Qh3 g5 15. Qh5 Qf6 16. h4 gxh4 17. Kg2 Qg6 18. Qxh4 Bd8 19. Qg3 Nd7 20. Rh1 Bg5 21. Bxg5 Qxg5 22. Rh5 Qg6 23. Rah1 Bxf5 24. exf5 Qg7 25. g5 Nc5 26. Bxf7 1-0

[Event "PGMA Cup 2nd"]
[Site "Manila"]
[Date "2007.11.24"]
[Round "4"]
[White "Salcedo, Raymond"]
[Black "Nolte, Rolando"]
[Result "1/2-1/2"]
[WhiteElo "2324"]
[BlackElo "2402"]
[PlyCount "45"]
[EventDate "2007.11.22"]
[EventType "swiss"]
[EventRounds "9"]
[EventCountry "PHI"]
[SourceTitle "EXT 2009"]
[Source "ChessBase"]
[SourceDate "2008.11.26"]
[SourceVersion "1"]
[SourceVersionDate "2008.11.26"]
[SourceQuality "1"]

1. e4 c5 2. Nf3 d6 3. d4 cxd4 4. Nxd4 Nf6 5. Nc3 a6 6. f4 e6 7. Bd3 Nbd7 8. 0-0 b5 9. Kh1 Bb7 10. Qe1 Nc5 11. a3 Be7 12. b4 Nxd3 13. cxd3 0-0 14. Bb2 Rc8 15. Qg3 Re8 16. Rae1 Bf8 17. Re2 Re7 18. Nd1 Rec7 19. Ne3 Nh5 20. Qh3 Nf6 21. Qg3 Nh5 22. Qh3 Nf6 23. Qg3 1/2-1/2

[Event "PGMA Cup 2nd"]
[Site "Manila"]
[Date "2007.11.23"]
[Round "2"]
[White "Antonio, Rogelio Jr"]
[Black "Salcedo, Raymond"]
[Result "0-1"]
[WhiteElo "2540"]
[BlackElo "2324"]
[PlyCount "33"]
[EventDate "2007.11.22"]
[EventType "swiss"]
[EventRounds "9"]
[EventCountry "PHI"]
[SourceTitle "EXT 2009"]
[Source "ChessBase"]
[SourceDate "2008.11.26"]
[SourceVersion "1"]
[SourceVersionDate "2008.11.26"]
[SourceQuality "1"]

1. e4 c5 2. Nf3 e6 3. c3 Nf6 4. e5 Nd5 5. d4 cxd4 6. Bc4 Nb6 7. Bb3 dxc3 8. Nxc3 d5 9. exd6 Bxd6 10. 0-0 0-0 11. Ng5 h6 12. Nge4 Be5 13. Qh5 Nc6 14. Rd1 Qe7 15. Bg5 Qb4 16. Be3 Nd7 17. Rac1 0-1